| 000 | 00365nam a2200145Ia 4500 | ||
|---|---|---|---|
| 008 | 230627s9999 xx 000 0 und d | ||
| 041 | _aeng | ||
| 082 |
_a340.2 _bLAK |
||
| 100 | _aLakshminath,A | ||
| 245 | _aComparative Law And Select Legal Systems | ||
| 260 |
_bHind Law House _c2011 |
||
| 300 | _a218p | ||
| 700 | _a Ghormade,Vijay | ||
| 700 | _a Sarda,Mukund | ||
| 999 |
_c698167 _d698167 |
||